000 00670nam a2200289Ia 4500
005 20260324113349.0
008 008 260324s9999 xx 000 0 eng d
020 _a9781003539018
037 _aEBOOK
040 _aCRL
040 _beng
040 _cCRL
041 _2eng
041 _aeng
084 _qCRL
100 _aSrabani Roy Choudhury
_91146474
245 0 _aIndia-Japan Partnership
245 0 _bAbe the Game Changer
260 _bTaylor and Francis
260 _c2024
365 _a
365 _b220
856 _uhttp://www.taylorfrancis.com/books/9781003539018
942 _cEBOOK
999 _c1736081
_d1736081